[Event "IX Weekend A"]
[Site "Porto Sant'Elpidio ITA"]
[Date "2006.11.18"]
[Round "1"]
[White "Bastarelli, Giuseppe"]
[Black "Parrini, Daniele"]
[Result "0-1"]
[WhiteElo "2200"]
[BlackElo "1938"]
[PlyCount "112"]
[EventDate "2006.11.18"]

1. d4 Nf6 2. Nf3 g6 3. c4 Bg7 4. Nc3 d5 5. Bf4 O-O 6. e3 c5 7. dxc5 Qa5 8. cxd5
Nxd5 9. Be5 Nxc3 10. Qd2 Bxe5 11. Nxe5 Qxc5 12. Qxc3 Qxc3+ 13. bxc3 Be6 14. Be2
f6 15. Nf3 Rc8 16. Kd2 Nc6 17. Nd4 Bd5 18. Bf3 Bxf3 19. Nxf3 e5 20. e4 Na5 21.
Kc2 Kf7 22. Rhd1 Rd8 23. Ne1 Nc4 24. Nd3 a5 25. a4 Rac8 26. Kb3 g5 27. Ne1 Nd2+
28. Kc2 Nxe4 29. Rxd8 Rxd8 30. Nd3 Rc8 31. Ra3 Ke6 32. Rb3 Nd6 33. Nc1 Rc4 34.
Ra3 Ne4 35. Kd3 Kd5 36. f3 Nc5+ 37. Kc2 Rxa4 38. Rxa4 Nxa4 39. Nb3 b6 40. Nd2
Nc5 41. Nf1 b5 42. Ne3+ Ke6 43. g4 Nb7 44. c4 b4 45. Nd5 Nc5 46. Nc7+ Kf7 47.
Nd5 e4 48. fxe4 Nxe4 49. Kd3 Nf2+ 50. Kd4 Nxg4 51. c5 Ne5 52. Nc7 a4 53. Nd5
Nc6+ 54. Kc4 a3 55. Ne3 a2 56. Nc2 Nd4 0-1

[Event "IX Weekend A"]
[Site "Porto Sant'Elpidio ITA"]
[Date "2006.11.18"]
[Round "1"]
[White "Briffault, Philippe"]
[Black "Fioravanti, Emidio"]
[Result "1-0"]
[WhiteElo "1875"]
[BlackElo "2058"]
[PlyCount "101"]
[EventDate "2006.11.18"]

1. d4 Nf6 2. c4 e6 3. Nc3 Bb4 4. Qb3 c5 5. Nf3 Nc6 6. e3 O-O 7. Bd3 d5 8. dxc5
dxc4 9. Qxc4 e5 10. Bc2 Be6 11. Qh4 h6 12. O-O Bxc3 13. bxc3 Qa5 14. Bb2 Qxc5
15. Bb3 Rfe8 16. Rfd1 Na5 17. Bxe6 Rxe6 18. Qb4 Qc7 19. Rab1 Rc8 20. c4 Nxc4
21. Ba1 Rb6 22. Qc3 Rxb1 23. Rxb1 Nd7 24. Rc1 f6 25. Nh4 Nf8 26. Qb4 Qd7 27.
Qb3 b5 28. h3 Rd8 29. a4 a6 30. axb5 axb5 31. Rb1 Kh8 32. Bc3 Qd3 33. Qb4 Nd6
34. Ra1 Rc8 35. Be1 Rc4 36. Ra3 Qd1 37. Qa5 Rxh4 38. Ra1 Qb3 39. Qd8 Kh7 40.
Qxf8 Nc4 41. Ra7 Kg6 42. Qxg7+ Kf5 43. g4+ Ke4 44. Qh7+ Kf3 45. Qb7+ Ke2 46.
Ra1 Nxe3 47. Qe4 Rxh3 48. Rb1 Rh1+ 49. Kxh1 Qf7 50. Qxe3+ Kf1 51. Bb4# 1-0

[Event "IX Weekend A"]
[Site "Porto Sant'Elpidio ITA"]
[Date "2006.11.18"]
[Round "1"]
[White "Cesarini, Leopoldo"]
[Black "Cerquitella, Luca"]
[Result "0-1"]
[WhiteElo "1930"]
[BlackElo "2188"]
[PlyCount "66"]
[EventDate "2006.11.18"]

1. Nf3 Nf6 2. g3 d5 3. Bg2 Bf5 4. d3 e6 5. Nbd2 Be7 6. Nh4 Bg4 7. h3 Bh5 8.
Nhf3 O-O 9. g4 Bg6 10. Ne5 c5 11. Nxg6 hxg6 12. c4 Nc6 13. O-O Rc8 14. f4 Qc7
15. cxd5 exd5 16. f5 gxf5 17. Rxf5 Nd4 18. Rf2 Bd6 19. Nf1 Ne6 20. Bf3 Nf4 21.
Bxf4 Bxf4 22. e3 Bg5 23. Bg2 Rfe8 24. Rf3 d4 25. e4 c4 26. Rf5 Re5 27. dxc4
Rxf5 28. exf5 Qxc4 29. Bxb7 Re8 30. b3 Qc3 31. Bg2 d3 32. Qe1 d2 33. Qd1 Re1
0-1

[Event "IX Weekend A"]
[Site "Porto Sant'Elpidio ITA"]
[Date "2006.11.18"]
[Round "1"]
[White "Ferri, Stefano"]
[Black "Bertolini, Ettore"]
[Result "1-0"]
[WhiteElo "2131"]
[BlackElo "1927"]
[PlyCount "61"]
[EventDate "2006.11.18"]

1. d4 Nf6 2. Nf3 b6 3. c4 Bb7 4. Nc3 e6 5. a3 Be7 6. Qc2 O-O 7. e4 c5 8. d5
exd5 9. exd5 Re8 10. Be2 d6 11. O-O a6 12. Bg5 Nbd7 13. Bd3 h6 14. Bd2 Ng4 15.
Rae1 Bf6 16. Ne4 Nge5 17. Nxf6+ Qxf6 18. Nxe5 Nxe5 19. Be4 Qh4 20. g3 Qg4 21.
f4 Ng6 22. f5 Ne5 23. Rf4 Qh5 24. f6 Ng4 25. Bh7+ Kf8 26. fxg7+ Kxg7 27. Bc3+
f6 28. Ref1 Rf8 29. h3 Ne3 30. Rxf6 Nxc2 31. Rf7# 1-0

[Event "IX Weekend A"]
[Site "Porto Sant'Elpidio ITA"]
[Date "2006.11.18"]
[Round "1"]
[White "Fratini, Mauro"]
[Black "Rinaudo, Sergio"]
[Result "1/2-1/2"]
[WhiteElo "1925"]
[BlackElo "2131"]
[PlyCount "72"]
[EventDate "2006.11.18"]

1. d4 d5 2. Nf3 Nf6 3. Bf4 c5 4. e3 Nc6 5. c3 e6 6. Nbd2 Bd6 7. Bg3 O-O 8. Bd3
Re8 9. Ne5 Qc7 10. f4 Qb6 11. Rb1 g6 12. Qe2 Ne7 13. O-O Nh5 14. Bf2 f6 15.
dxc5 Bxc5 16. Nef3 Nc6 17. Nb3 e5 18. fxe5 fxe5 19. Nxc5 Qxc5 20. Ng5 e4 21.
Bc2 h6 22. Nh3 Bxh3 23. gxh3 Ne5 24. Kh1 Qc8 25. Kg2 Rf8 26. Bg3 Nf3 27. Bb3
Qe6 28. Rbd1 Rad8 29. Qb5 Nf6 30. Qxb7 Rd7 31. Qb5 Ne5 32. Rxf6 Qxf6 33. Bxe5
Qf3+ 34. Kg1 Qxe3+ 35. Kh1 Qf3+ 36. Kg1 Qf2+ 1/2-1/2

[Event "IX Weekend A"]
[Site "Porto Sant'Elpidio ITA"]
[Date "2006.11.18"]
[Round "1"]
[White "Giobbi, Costantino"]
[Black "Mircoli, Filippo"]
[Result "1/2-1/2"]
[WhiteElo "1972"]
[BlackElo "1824"]
[PlyCount "34"]
[EventDate "2006.11.18"]

1. d4 e6 2. e4 d6 3. Nf3 Nf6 4. Nc3 Be7 5. Be2 O-O 6. O-O b6 7. Bg5 Nbd7 8. e5
Nd5 9. Bxe7 Nxe7 10. Bd3 Bb7 11. Re1 Ng6 12. exd6 cxd6 13. Be4 Bxe4 14. Nxe4
Nf6 15. Nxf6+ Qxf6 16. c3 Nh4 17. Nxh4 Qxh4 1/2-1/2

[Event "IX Weekend A"]
[Site "Porto Sant'Elpidio ITA"]
[Date "2006.11.18"]
[Round "1"]
[White "Marini, Paolo"]
[Black "Rotoni, Matteo"]
[Result "0-1"]
[WhiteElo "1892"]
[BlackElo "2119"]
[PlyCount "76"]
[EventDate "2006.11.18"]

1. e4 e6 2. d4 d5 3. e5 c5 4. c3 Nc6 5. Nf3 Qb6 6. Be2 cxd4 7. cxd4 Nge7 8. b3
Nf5 9. Bb2 Bb4+ 10. Kf1 O-O 11. g4 Nh6 12. h3 f6 13. exf6 Rxf6 14. Nbd2 Rf8 15.
Kg2 Bd7 16. Nf1 Rf4 17. Ne3 Raf8 18. Rf1 Be8 19. Nc2 Be7 20. Bc1 R4f7 21. Nce1
Kh8 22. Be3 Ng8 23. Nd3 g6 24. Nde5 Nxe5 25. Nxe5 Rg7 26. Bd3 Bd6 27. Bc2 Rc7
28. Qd2 Bb4 29. Qe2 Bb5 30. Bd3 Bxd3 31. Nxd3 Bd6 32. Rac1 Nf6 33. Nc5 Re7 34.
Bg5 e5 35. dxe5 Bxc5 36. Rxc5 Qxc5 37. Rc1 Qb6 38. Qb2 Ne4 0-1

[Event "IX Weekend A"]
[Site "Porto Sant'Elpidio ITA"]
[Date "2006.11.18"]
[Round "1"]
[White "Paci, Stefano"]
[Black "Palmizi, Alessandro"]
[Result "1-0"]
[WhiteElo "2116"]
[BlackElo "1877"]
[PlyCount "51"]
[EventDate "2006.11.18"]

1. d4 d6 2. g3 g6 3. Bg2 Bg7 4. Nf3 Nd7 5. O-O Ngf6 6. c4 O-O 7. Nc3 c6 8. e4
h6 9. h3 e5 10. Be3 Qe7 11. Qd2 Kh7 12. Rfe1 a6 13. a4 Ne8 14. b4 Nc7 15. Rad1
b5 16. d5 cxd5 17. Nxd5 Qd8 18. cxb5 axb5 19. Nxc7 Qxc7 20. a5 Rd8 21. Qxd6
Qxd6 22. Rxd6 Re8 23. Red1 Bf8 24. Rxd7 Bxd7 25. Rxd7 Kg7 26. Nxe5 1-0

[Event "IX Weekend A"]
[Site "Porto Sant'Elpidio ITA"]
[Date "2006.11.18"]
[Round "1"]
[White "Rinaudo, Andrea"]
[Black "Iaconi, Andrea"]
[Result "1-0"]
[WhiteElo "2122"]
[BlackElo "1910"]
[PlyCount "81"]
[EventDate "2006.11.18"]

1. e4 c5 2. Nf3 d6 3. Bb5+ Bd7 4. Bxd7+ Qxd7 5. c4 Nc6 6. Nc3 Nf6 7. O-O e6 8.
d4 cxd4 9. Nxd4 Be7 10. Be3 O-O 11. b3 a6 12. Rc1 Rac8 13. f3 Bd8 14. Qd2 Bb6
15. Rfd1 Nxd4 16. Bxd4 Bxd4+ 17. Qxd4 Rfd8 18. Rd3 e5 19. Qe3 Qe6 20. Rcd1 Nh5
21. Qb6 Nf4 22. Rxd6 Rxd6 23. Rxd6 Qe7 24. Nd5 Nxd5 25. exd5 Qg5 26. g3 h6 27.
Qf2 Qc1+ 28. Kg2 b5 29. Rc6 Rxc6 30. dxc6 bxc4 31. b4 Qd1 32. c7 Qd7 33. Qc5
Qd2+ 34. Kh3 Qd7+ 35. g4 Qc8 36. Qd6 Kh7 37. Qd8 Qb7 38. Kg2 e4 39. c8=Q exf3+
40. Kf1 Qe4 41. Qf5+ 1-0

[Event "IX Weekend A"]
[Site "Porto Sant'Elpidio ITA"]
[Date "2006.11.18"]
[Round "1"]
[White "Spano' Cuomo, Gaetano"]
[Black "Allegranti, Luca"]
[Result "0-1"]
[WhiteElo "1826"]
[BlackElo "2023"]
[PlyCount "50"]
[EventDate "2006.11.18"]

1. d4 f5 2. c4 Nf6 3. Nc3 g6 4. Nf3 Bg7 5. Bf4 d6 6. e3 a5 7. Be2 Nc6 8. d5 Nb4
9. a3 Na6 10. Nd4 O-O 11. Bf3 h6 12. h4 Nc5 13. Nb3 Nce4 14. Bxe4 Nxe4 15. Nxe4
fxe4 16. Nd2 e5 17. Bg3 Bf5 18. Qc2 c6 19. Nxe4 cxd5 20. cxd5 Rc8 21. Qa4 b5
22. Qxb5 Bxe4 23. f3 Rc5 24. Qe2 Bxd5 25. e4 Bb3 0-1

[Event "IX Weekend A"]
[Site "Porto Sant'Elpidio ITA"]
[Date "2006.11.18"]
[Round "1"]
[White "Voicu, Joan Paul"]
[Black "Colabrese, Cary"]
[Result "1-0"]
[WhiteElo "1945"]
[BlackElo "1775"]
[PlyCount "79"]
[EventDate "2006.11.18"]

1. Nf3 d5 2. d4 Nf6 3. c4 e6 4. g3 Be7 5. Bg2 O-O 6. O-O c6 7. Nbd2 Na6 8. Re1
Bd7 9. Qb3 Qc8 10. e4 Bb4 11. e5 dxc4 12. Qxc4 Nd5 13. a3 b5 14. Qd3 Be7 15.
Ne4 h6 16. Bd2 Rb8 17. Bf1 c5 18. Rec1 c4 19. Qe2 Qb7 20. b3 Bc6 21. bxc4 Nf4
22. Bxf4 Bxe4 23. Nd2 Bc6 24. Rcb1 b4 25. axb4 Nxb4 26. Qg4 f5 27. exf6 Rxf6
28. Bxb8 Qxb8 29. Ra5 Bd7 30. Bg2 Qc7 31. Re5 Nd3 32. Re2 e5 33. Qe4 Bf5 34.
Qd5+ Be6 35. Rb7 Qc8 36. Qb5 a6 37. Qb1 Nb4 38. Rxe7 a5 39. Rxe5 Kf8 40. Rxa5
1-0

[Event "IX Weekend A"]
[Site "Porto Sant'Elpidio ITA"]
[Date "2006.11.19"]
[Round "2"]
[White "Allegranti, Luca"]
[Black "Ferri, Stefano"]
[Result "0-1"]
[WhiteElo "2023"]
[BlackElo "2131"]
[PlyCount "135"]
[EventDate "2006.11.18"]

1. d4 Nf6 2. Bg5 e6 3. e3 c5 4. c3 Nc6 5. Nf3 Qb6 6. Qb3 Ne4 7. Bf4 d5 8. Qxb6
axb6 9. Bc7 c4 10. Nbd2 Nxd2 11. Nxd2 b5 12. e4 b4 13. Be2 bxc3 14. bxc3 b5 15.
exd5 exd5 16. Bf3 Be6 17. O-O Kd7 18. Bf4 Be7 19. Rfd1 g5 20. Be3 g4 21. Be2
Ra3 22. Nb1 Ra5 23. a3 Rha8 24. Bc1 b4 25. cxb4 Nxb4 26. Bd2 R5a7 27. Bc3 Nc2
28. Ra2 Nxa3 29. f3 h5 30. Rb2 Kc6 31. fxg4 hxg4 32. Bb4 Bxb4 33. Rxb4 Nc2 34.
Rb2 Ra2 35. Rxa2 Rxa2 36. Rd2 Bf5 37. Kf2 Ra1 38. Nc3 Ra3 39. Bxg4 Bg6 40. Ne2
c3 41. Rd1 Ne3 42. Kxe3 c2+ 43. Kd2 cxd1=Q+ 44. Kxd1 Be4 45. g3 f5 46. Bh5 Kb5
47. h4 Kc4 48. Kd2 Rd3+ 49. Ke1 Bf3 50. Bxf3 Rxf3 51. Kd2 Ra3 52. h5 Rd3+ 53.
Ke1 Re3 54. Kf2 Re7 55. Kf3 Kd3 56. Nf4+ Kxd4 57. Ng6 Rh7 58. Nf4 Ke5 59. g4
fxg4+ 60. Kxg4 Rg7+ 61. Ng6+ Kf6 62. Kf4 Rh7 63. Kg4 d4 64. Nf4 Ke5 65. Ng6+
Ke4 66. Kg5 d3 67. h6 d2 68. Nf8 0-1

[Event "IX Weekend A"]
[Site "Porto Sant'Elpidio ITA"]
[Date "2006.11.19"]
[Round "2"]
[White "Bertolini, Ettore"]
[Black "Marini, Paolo"]
[Result "0-1"]
[WhiteElo "1927"]
[BlackElo "1892"]
[PlyCount "56"]
[EventDate "2006.11.18"]

1. e4 e5 2. Bc4 Nf6 3. d3 Nc6 4. Nc3 Be7 5. Nf3 d6 6. h3 Na5 7. Nd2 Bd7 8. O-O
O-O 9. a3 Nxc4 10. Nxc4 Be6 11. Ne3 c6 12. f4 exf4 13. Rxf4 Nd7 14. Nf5 Bf6 15.
d4 Bxf5 16. exf5 Qc7 17. Ne4 Rfe8 18. g4 c5 19. Nxf6+ Nxf6 20. Qf3 Re1+ 21. Kf2
Rae8 22. g5 Ne4+ 23. Kxe1 Nxg5+ 24. Qe2 Rxe2+ 25. Kxe2 cxd4 26. Bd2 Qc4+ 27.
Ke1 Qd5 28. Ke2 28... Nxh3 {phone default} 0-1

[Event "IX Weekend A"]
[Site "Porto Sant'Elpidio ITA"]
[Date "2006.11.19"]
[Round "2"]
[White "Bonoli, Luciano"]
[Black "Cesarini, Leopoldo"]
[Result "0-1"]
[WhiteElo "1850"]
[BlackElo "1930"]
[PlyCount "114"]
[EventDate "2006.11.18"]

1. c4 Nf6 2. g3 g6 3. Bg2 Bg7 4. Nc3 O-O 5. Nf3 d6 6. O-O e5 7. d3 h6 8. Bd2 a5
9. Rb1 c6 10. a3 Re8 11. b4 axb4 12. axb4 e4 13. dxe4 Nxe4 14. Nxe4 Rxe4 15. c5
Bf5 16. Re1 Na6 17. Nh4 Rxh4 18. gxh4 Bxb1 19. Qxb1 dxc5 20. Rd1 Qxh4 21. b5
Nb4 22. bxc6 bxc6 23. Bxb4 cxb4 24. Bxc6 Rb8 25. Qb3 Qg4+ 26. Kf1 Bc3 27. Rd3
Rf8 28. Rg3 Qf5 29. Bd5 Kg7 30. h4 h5 31. Bf3 Rd8 32. Rg5 Qh3+ 33. Bg2 Qxh4 34.
Rg3 Qf4 35. e3 Qd6 36. Bf3 Be5 37. Rg1 Qd3+ 38. Qxd3 Rxd3 39. Bxh5 Rd2 40. f4
Bf6 41. f5 g5 42. Bf3 b3 43. Be4 b2 44. Ke1 Rh2 45. Bb1 Kf8 46. Be4 Ke7 47. Bb1
Kd6 48. Kf1 Kc5 49. Rg2 Rxg2 50. Kxg2 Kc4 51. Kf3 Be5 52. Ke2 Kc3 53. e4 f6 54.
Bd3 g4 55. Bb1 g3 56. Kf3 Kd2 57. Kg2 Kc1 0-1

[Event "IX Weekend A"]
[Site "Porto Sant'Elpidio ITA"]
[Date "2006.11.19"]
[Round "2"]
[White "Cerquitella, Luca"]
[Black "Paci, Stefano"]
[Result "1-0"]
[WhiteElo "2188"]
[BlackElo "2116"]
[PlyCount "96"]
[EventDate "2006.11.18"]

1. e4 c6 2. Nc3 d5 3. Qf3 e6 4. d4 Nf6 5. Bg5 Be7 6. e5 Nfd7 7. h4 a6 8. Qg3 g6
9. Bxe7 Qxe7 10. h5 c5 11. hxg6 fxg6 12. dxc5 Nc6 13. Nf3 Qg7 14. O-O-O Ndxe5
15. Nxd5 exd5 16. Nxe5 O-O 17. Nf3 Ne7 18. Ng5 h6 19. Nh3 Bf5 20. Bd3 Rac8 21.
Qe3 Rfe8 22. Bxf5 Nxf5 23. Qb3 Rxc5 24. Rxd5 Rxd5 25. Qxd5+ Qf7 26. Rd1 Re7 27.
Nf4 Qxd5 28. Rxd5 Kf7 29. Kd2 Re4 30. Nd3 Re7 31. g3 Ng7 32. c4 Ne6 33. Ne5+
Kf6 34. f4 g5 35. Ng4+ Kg7 36. f5 Re8 37. Rd7+ Kh8 38. Nf6 Nf8 39. Rxb7 Re5 40.
g4 h5 41. Nxh5 Re4 42. Rf7 Re8 43. Nf6 Rd8+ 44. Kc3 a5 45. c5 a4 46. c6 Rc8 47.
c7 a3 48. b4 Rxc7+ 1-0

[Event "IX Weekend A"]
[Site "Porto Sant'Elpidio ITA"]
[Date "2006.11.19"]
[Round "2"]
[White "Fioravanti, Emidio"]
[Black "Baleani, Emanuele"]
[Result "1-0"]
[WhiteElo "2058"]
[BlackElo "1807"]
[PlyCount "95"]
[EventDate "2006.11.18"]

1. e4 c5 2. Nc3 d6 3. g3 g6 4. Bg2 Bg7 5. f4 e6 6. Nf3 Nc6 7. O-O Nge7 8. d3
O-O 9. Be3 a6 10. Rb1 b5 11. Ne2 Qc7 12. c3 Rd8 13. Nh4 Bb7 14. f5 exf5 15.
exf5 gxf5 16. Nxf5 Nxf5 17. Rxf5 Ne7 18. Rf2 Bxg2 19. Kxg2 Nd5 20. Bd2 Re8 21.
Nf4 Ne3+ 22. Bxe3 Rxe3 23. Nd5 Qb7 24. c4 Rae8 25. b3 Kf8 26. Kf1 Re1+ 27. Qxe1
Rxe1+ 28. Rxe1 Be5 29. Re4 Qd7 30. Kg2 b4 31. Nf6 Qd8 32. Ng4 Bd4 33. Rf5 Qa5
34. Re2 Qc7 35. Nh6 Qb7+ 36. Re4 f6 37. Ng4 Qd7 38. Ref4 Kg7 39. Nxf6 Bxf6 40.
Rxf6 Qe7 41. Rf7+ Qxf7 42. Rxf7+ Kxf7 43. Kf3 Kf6 44. Ke4 Ke6 45. g4 h6 46. h4
a5 47. g5 hxg5 48. hxg5 1-0

[Event "IX Weekend A"]
[Site "Porto Sant'Elpidio ITA"]
[Date "2006.11.19"]
[Round "2"]
[White "Guglielmi, Dante"]
[Black "Giobbi, Costantino"]
[Result "1-0"]
[WhiteElo "1960"]
[BlackElo "1972"]
[PlyCount "87"]
[EventDate "2006.11.18"]

1. c4 e5 2. Nc3 Nf6 3. g3 Nc6 4. Bg2 Bb4 5. Nf3 d6 6. O-O O-O 7. Qc2 Re8 8. d3
a5 9. Be3 h6 10. a3 Bxc3 11. Qxc3 Bf5 12. b4 Qd7 13. b5 Nd8 14. Rfe1 Ng4 15.
Bc1 c5 16. Nd2 Ne6 17. Ne4 Bh7 18. h3 Bxe4 19. Bxe4 Nf6 20. Bg2 Nd4 21. e3 Ne6
22. Bb2 Qc7 23. Qd2 Rad8 24. d4 b6 25. dxe5 dxe5 26. Qc3 Ng5 27. Rad1 Rxd1 28.
Rxd1 Qe7 29. Qd3 Qe6 30. Kh2 e4 31. Qe2 Qf5 32. Rd6 Re6 33. g4 Qg6 34. Rxe6
Nxe6 35. Qd1 h5 36. gxh5 Qf5 37. Kg1 Ng5 38. Qd8+ Kh7 39. Bxf6 gxf6 40. Qd5
Nxh3+ 41. Bxh3 Qxh3 42. Qxf7+ Kh8 43. Qxf6+ Kg8 44. Qg6+ 1-0

[Event "IX Weekend A"]
[Site "Porto Sant'Elpidio ITA"]
[Date "2006.11.19"]
[Round "2"]
[White "Iaconi, Andrea"]
[Black "Spano' Cuomo, Gaetano"]
[Result "1/2-1/2"]
[WhiteElo "1910"]
[BlackElo "1826"]
[PlyCount "127"]
[EventDate "2006.11.18"]

1. e4 e5 2. Nf3 Nc6 3. Bb5 a6 4. Ba4 Nf6 5. O-O Be7 6. Re1 b5 7. Bb3 d6 8. h3
Na5 9. d4 c5 10. c3 Nxb3 11. Qxb3 Qc7 12. Bg5 O-O 13. Nbd2 h6 14. Bh4 Nh7 15.
Bg3 Be6 16. Qd1 Bf6 17. Nf1 Ng5 18. d5 Bd7 19. N3d2 Rfe8 20. Ne3 Nh7 21. Ng4
Bxg4 22. Qxg4 g5 23. h4 Qc8 24. Qh5 Kg7 25. hxg5 hxg5 26. Nf3 Rh8 27. Nh2 c4
28. Qf3 Bd8 29. Ng4 Bb6 30. Ne3 Bxe3 31. Qxe3 f6 32. f3 Nf8 33. Qb6 Qd7 34.
Rad1 Ng6 35. Kf2 Nf4 36. Bxf4 gxf4 37. Ke2 Rh2 38. Qf2 Rah8 39. Kd2 f5 40. Kc1
fxe4 41. fxe4 Kf6 42. Qf3 Qg7 43. Rg1 Qg3 44. Qxg3 fxg3 45. Rdf1+ Ke7 46. Kd2
R2h4 47. Ke3 a5 48. Rf3 Rg8 49. Rgf1 Rhg4 50. Rf7+ Ke8 51. R7f6 R4g6 52. Rf7
R6g7 53. Rxg7 Rxg7 54. Rf5 b4 55. cxb4 axb4 56. Rf6 Ke7 57. Rf3 Rg8 58. Kd2 Ra8
59. a3 c3+ 60. Kc2 bxa3 61. bxa3 Rxa3 62. Rxg3 Ra4 63. Re3 Ra2+ 64. Kxc3
1/2-1/2

[Event "IX Weekend A"]
[Site "Porto Sant'Elpidio ITA"]
[Date "2006.11.19"]
[Round "2"]
[White "Mircoli, Filippo"]
[Black "Fratini, Mauro"]
[Result "1/2-1/2"]
[WhiteElo "1824"]
[BlackElo "1925"]
[PlyCount "120"]
[EventDate "2006.11.18"]

1. e4 Nf6 2. e5 Nd5 3. d4 d6 4. f4 dxe5 5. fxe5 Nc6 6. Nf3 Bg4 7. c3 e6 8. Be2
Be7 9. h3 Bf5 10. O-O a5 11. c4 Ndb4 12. Na3 O-O 13. Be3 Na7 14. c5 c6 15. Qd2
Nd5 16. Nc4 Qc7 17. Rad1 Rfd8 18. Nd6 Bg6 19. Ng5 Rf8 20. Bd3 Nxe3 21. Qxe3 Nc8
22. Bxg6 hxg6 23. Ngxf7 Bxd6 24. Nxd6 Ne7 25. Qg5 Qd7 26. Rf4 Rxf4 27. Qxf4 Rf8
28. Qg5 Kh7 29. Qh4+ Kg8 30. Qg4 Kh7 31. Rd3 Nf5 32. Rf3 Qe7 33. Qe4 Qg5 34.
Qf4 Qxf4 35. Rxf4 Rb8 36. g4 Ne3 37. b3 b6 38. cxb6 Rxb6 39. Kf2 Nd5 40. Rf8 g5
41. Re8 Rb4 42. Nc4 Nf4 43. Ke3 a4 44. Na5 axb3 45. axb3 Rb5 46. Ra8 Nxh3 47.
Kd3 Nf2+ 48. Kc4 Nxg4 49. Nxc6 Rd5 50. Ra1 Ne3+ 51. Kd3 Nf5 52. b4 g4 53. Ra5
Rd7 54. Ra7 Rd5 55. Ra5 Rd7 56. Ke4 g3 57. Kf3 Nxd4+ 58. Nxd4 Rxd4 59. Ra6 Rxb4
60. Rxe6 Rb3+ 1/2-1/2

[Event "IX Weekend A"]
[Site "Porto Sant'Elpidio ITA"]
[Date "2006.11.19"]
[Round "2"]
[White "Palmizi, Alessandro"]
[Black "Bastarelli, Giuseppe"]
[Result "0-1"]
[WhiteElo "1877"]
[BlackElo "2200"]
[PlyCount "62"]
[EventDate "2006.11.18"]

1. e4 e6 2. b3 d5 3. exd5 exd5 4. Bb2 Nf6 5. Nf3 Be7 6. Bb5+ c6 7. Be2 O-O 8.
O-O Nbd7 9. d3 Re8 10. Re1 c5 11. d4 b6 12. Nbd2 Bb7 13. Ne5 Qc7 14. Nxd7 Qxd7
15. Bf3 Rad8 16. Re3 Qc7 17. Nf1 Ne4 18. Ng3 Bg5 19. Re2 g6 20. dxc5 bxc5 21.
c3 f5 22. Qc2 Bf6 23. Rd1 Qg7 24. Bxe4 fxe4 25. Qb1 Ba6 26. c4 Bxb2 27. Rxb2
dxc4 28. Rxd8 Rxd8 29. bxc4 Bxc4 30. Rb8 Qd4 31. Nxe4 Bd3 0-1

[Event "IX Weekend A"]
[Site "Porto Sant'Elpidio ITA"]
[Date "2006.11.19"]
[Round "2"]
[White "Parrini, Daniele"]
[Black "Rinaudo, Andrea"]
[Result "0-1"]
[WhiteElo "1938"]
[BlackElo "2122"]
[PlyCount "48"]
[EventDate "2006.11.18"]

1. e4 c5 2. Nf3 Nc6 3. d4 cxd4 4. Nxd4 e5 5. Nb5 d6 6. c4 Be7 7. b3 a6 8. N5a3
f5 9. exf5 Bxf5 10. Be2 Nf6 11. O-O O-O 12. Nc2 Rb8 13. Ne3 Be6 14. Nc3 Nd4 15.
Nc2 Nxe2+ 16. Qxe2 Qc7 17. Qd3 b5 18. cxb5 axb5 19. Nxb5 Rxb5 20. Qxb5 Qxc2 21.
Qb7 Re8 22. Bg5 Bd5 23. Qb5 Qg6 24. Rfd1 Ba8 0-1

[Event "IX Weekend A"]
[Site "Porto Sant'Elpidio ITA"]
[Date "2006.11.19"]
[Round "2"]
[White "Rinaudo, Sergio"]
[Black "Voicu, Joan Paul"]
[Result "1-0"]
[WhiteElo "2131"]
[BlackElo "1945"]
[PlyCount "79"]
[EventDate "2006.11.18"]

1. d4 Nf6 2. Nf3 e6 3. e3 c5 4. Bd3 b6 5. Nbd2 Bb7 6. O-O d6 7. b3 cxd4 8. exd4
Be7 9. c4 O-O 10. Qe2 a6 11. Ba3 b5 12. Rfe1 Re8 13. Bb2 bxc4 14. bxc4 Nbd7 15.
Rab1 Rb8 16. Bc3 Qc7 17. Nb3 Bf8 18. Rec1 e5 19. dxe5 Nxe5 20. Nxe5 dxe5 21. c5
e4 22. Bxa6 Bxa6 23. Qxa6 Ng4 24. g3 e3 25. f3 e2 26. fxg4 Bxc5+ 27. Kg2 Be3
28. Bd2 Qd7 29. Qxe2 Rxb3 30. Rxb3 Bxd2 31. Qd1 h5 32. Rc2 Qd5+ 33. Kh3 hxg4+
34. Qxg4 Re4 35. Qf3 Qe6+ 36. g4 Bf4 37. Kg2 Bd6 38. h3 Qe5 39. Rf2 Rf4 40.
Qxf4 1-0

[Event "IX Weekend A"]
[Site "Porto Sant'Elpidio ITA"]
[Date "2006.11.19"]
[Round "2"]
[White "Rotoni, Matteo"]
[Black "Pierantozzi, Stanislao"]
[Result "1-0"]
[WhiteElo "2119"]
[BlackElo "2044"]
[PlyCount "120"]
[EventDate "2006.11.18"]

1. e4 c5 2. c3 Nf6 3. e5 Nd5 4. d4 cxd4 5. cxd4 d6 6. Nf3 Nc6 7. Bc4 Nb6 8. Bb5
dxe5 9. Nxe5 Bd7 10. Nxd7 Qxd7 11. Nc3 e6 12. O-O Be7 13. Qg4 O-O 14. Bh6 Qxd4
15. Qg3 Bf6 16. Rad1 Qh4 17. Be3 Qxg3 18. hxg3 Bxc3 19. bxc3 Nd5 20. Bd2 Rac8
21. c4 Nf6 22. Rb1 Nd4 23. Be3 Nxb5 24. Rxb5 Rxc4 25. Rxb7 a5 26. Ra7 a4 27.
Rc1 Rxc1+ 28. Bxc1 Rc8 29. Be3 Ng4 30. Rxa4 Nxe3 31. fxe3 Kf8 32. Kf2 Rc7 33.
Kf3 Ke7 34. g4 Kf6 35. Ra5 Rc1 36. a4 Rf1+ 37. Kg3 Ra1 38. Kf2 Ra2+ 39. Kf3 h6
40. g3 g5 41. Ra8 Ra3 42. a5 Ke5 43. Ra7 Ra1 44. a6 f6 45. Ra8 Ra3 46. Ra7 Ra2
47. Ra8 Ra3 48. a7 Ra2 49. Rh8 Rxa7 50. Rxh6 Ra4 51. Rg6 Ra2 52. Rg8 Ra4 53.
Rb8 f5 54. Rb5+ Kf6 55. gxf5 exf5 56. Rc5 g4+ 57. Kf2 Ra2+ 58. Kf1 Ke6 59. Rb5
Rd2 60. Rc5 Rd5 1-0

[Event "IX Weekend A"]
[Site "Porto Sant'Elpidio ITA"]
[Date "2006.11.19"]
[Round "3"]
[White "Baleani, Emanuele"]
[Black "Bertolini, Ettore"]
[Result "0-1"]
[WhiteElo "1807"]
[BlackElo "1927"]
[PlyCount "92"]
[EventDate "2006.11.18"]

1. e4 c5 2. Nf3 d6 3. d4 cxd4 4. Nxd4 Nf6 5. Nc3 a6 6. Be3 e6 7. Bd3 Qc7 8. O-O
b5 9. a3 Bb7 10. f4 Nbd7 11. Nf3 Ng4 12. Bf2 d5 13. Kh1 dxe4 14. Nxe4 Qxf4 15.
Bg3 Qh6 16. Qe2 Ne3 17. Rfe1 Nf5 18. Bf2 Be7 19. Ng3 Nxg3+ 20. Bxg3 O-O 21.
Rad1 Nf6 22. Nd4 Nh5 23. Qf2 Bc5 24. c3 Rad8 25. Qe3 Nxg3+ 26. Qxg3 Bd6 27. Re5
f6 28. Qe3 Bxe5 29. Qxh6 gxh6 30. Nxe6 Rd6 31. Bxh7+ Kf7 32. Rxd6 Bxd6 33. Nxf8
Kxf8 34. Bd3 Bf4 35. b3 Ke7 36. c4 bxc4 37. Bxc4 Bc1 38. a4 a5 39. Kg1 Kd6 40.
Kf2 Bd5 41. Bb5 Bxb3 42. g4 Bg5 43. Kg3 Ke5 44. h4 Bf4+ 45. Kf3 Bd1+ 46. Kg2
Bxg4 0-1

[Event "IX Weekend A"]
[Site "Porto Sant'Elpidio ITA"]
[Date "2006.11.19"]
[Round "3"]
[White "Bastarelli, Giuseppe"]
[Black "Briffault, Philippe"]
[Result "1/2-1/2"]
[WhiteElo "2200"]
[BlackElo "1875"]
[PlyCount "34"]
[EventDate "2006.11.18"]

1. d4 Nf6 2. c4 g6 3. Nc3 Bg7 4. e4 d6 5. Be2 O-O 6. Nf3 Nbd7 7. O-O e5 8. Qc2
c6 9. Rd1 Qe7 10. Rb1 Ng4 11. h3 exd4 12. Nxd4 Nxf2 13. Kxf2 Bxd4+ 14. Rxd4
Qf6+ 15. Ke3 Qg5+ 16. Kf2 Qf6+ 17. Ke3 Qg5+ 1/2-1/2

[Event "IX Weekend A"]
[Site "Porto Sant'Elpidio ITA"]
[Date "2006.11.19"]
[Round "3"]
[White "Cesarini, Leopoldo"]
[Black "Fioravanti, Emidio"]
[Result "1/2-1/2"]
[WhiteElo "1930"]
[BlackElo "2058"]
[PlyCount "67"]
[EventDate "2006.11.18"]

1. Nf3 Nf6 2. g3 d5 3. Bg2 g6 4. O-O Bg7 5. d4 O-O 6. Nbd2 Nbd7 7. c4 c6 8.
cxd5 cxd5 9. b3 b6 10. Bb2 Bb7 11. Re1 Re8 12. e4 dxe4 13. Ng5 e5 14. dxe5 Nxe5
15. Ngxe4 Nxe4 16. Nxe4 Qe7 17. Bxe5 Qxe5 18. Nd6 Qxe1+ 19. Qxe1 Rxe1+ 20. Rxe1
Bxg2 21. Kxg2 Rd8 22. Re8+ Rxe8 23. Nxe8 Be5 24. f4 Kf8 25. fxe5 Kxe8 26. Kf3
Kd7 27. Ke4 Ke6 28. g4 h6 29. h4 f6 30. exf6 Kxf6 31. a4 Ke6 32. b4 a6 33. b5
axb5 34. axb5 1/2-1/2

[Event "IX Weekend A"]
[Site "Porto Sant'Elpidio ITA"]
[Date "2006.11.19"]
[Round "3"]
[White "Colabrese, Cary"]
[Black "Iaconi, Andrea"]
[Result "0-1"]
[WhiteElo "1775"]
[BlackElo "1910"]
[PlyCount "58"]
[EventDate "2006.11.18"]

1. d4 Nf6 2. c4 g6 3. Nc3 d5 4. e3 Bg7 5. Bd3 O-O 6. Nge2 Be6 7. c5 Nc6 8. O-O
Qc8 9. a3 Bf5 10. b4 a6 11. Bxf5 Qxf5 12. Ng3 Qd7 13. f4 e6 14. Nb1 b6 15. cxb6
cxb6 16. Nd2 Rfc8 17. Nf3 Ne8 18. Bb2 Nd6 19. Qd3 Nc4 20. Bc3 b5 21. Ne5 Qc7
22. Rfc1 Ra7 23. h4 Qe7 24. h5 N6xe5 25. dxe5 Rac7 26. Bd4 Qh4 27. Kf2 Nxe5 28.
Qd2 Rxc1 29. Bxe5 R8c2 0-1